Poistenie v nezamestnanosti
Nezamestnanosť je jedným z vážnych problémov súčasnej trhovej ekonomiky. Poistenie v nezamestnanosti je súčasťou sociálneho poistenia upraveného zákonom č. 461/2003 Z. z. o sociálnom poistení v znení neskorších predpisov, a to ako poistenie pre prípad straty príjmu z činnosti zamestnanca v dôsledku...
Salvato in:
| Autore principale: | |
|---|---|
| Natura: | Capitolo di libro |
| Lingua: | slovacco |
| Soggetti: | |
| Tags: |
Nessun Tag, puoi essere il primo ad aggiungerne!!
|
MARC
| LEADER | 00000naa a2200000 4500 | ||
|---|---|---|---|
| 001 | 0306312 | ||
| 005 | 20250120114034.1 | ||
| 041 | 0 | |a slo | |
| 044 | |a SK | ||
| 245 | 1 | 0 | |a Poistenie v nezamestnanosti |c Sandra Mrukviová Tomiová |
| 520 | |a Nezamestnanosť je jedným z vážnych problémov súčasnej trhovej ekonomiky. Poistenie v nezamestnanosti je súčasťou sociálneho poistenia upraveného zákonom č. 461/2003 Z. z. o sociálnom poistení v znení neskorších predpisov, a to ako poistenie pre prípad straty príjmu z činnosti zamestnanca v dôsledku nezamestnanosti a na zabezpečenie príjmu v dôsledku nezamestnanosti. Zákon v rámci osobného rozsahu poistenia v nezamestnanosti pozitívne, ako aj negatívne určuje okruh osôb poistenia v nezamestnanosti. Povinne poistený v nezamestnanosti je jedine zamestnanec, ktorý je povinne nemocensky poistený. | ||
| 610 | 2 | 0 | |a nezamestnanosť |
| 610 | 2 | 0 | |a poistenie v nezamestnanosti |
| 610 | 2 | 0 | |a poistenie sociálne |
| 610 | 2 | 0 | |a zamestnanci |
| 610 | 2 | 0 | |a poistenie dobrovoľné |
| 610 | 2 | 0 | |a poistenie povinné |
| 610 | 2 | 0 | |a zákony |
| 610 | 2 | 0 | |a legislatíva |
| 100 | 1 | |a Mrukviová Tomiová, Sandra | |